Transporation engineering / (Record no. 101247)

MARC details
000 -LEADER
fixed length control field 00677nam a22002057a 4500
005 - DATE AND TIME OF LATEST TRANSACTION
control field 20170721114324.0
010 ## - LCCN (DPL NO)
LC control number ENG-119270
020 ## - INTERNATIONAL STANDARD BOOK NUMBER
International Standard Book Number 9788173719592
Terms of availability 550.00
035 ## - SYSTEM CONTROL NUMBER
System control number EN-102802
037 ## - SOURCE OF ACQUISITION
Source of stock number/acquisition DBAD/PUB
082 ## - DEWEY DECIMAL CLASSIFICATION NUMBER
Classification number 629.04
100 ## - MAIN ENTRY--PERSONAL NAME
Personal name Venkatramaiah,C.
245 ## - TITLE STATEMENT
Title Transporation engineering /
Statement of responsibility, etc by C. Venkatramaiah
260 ## - PUBLICATION, DISTRIBUTION, ETC. (IMPRINT)
Place of publication, distribution, etc Hyderabad
Name of publisher, distributor, etc American Mathematical Society
Date of publication, distribution, etc 2016
270 ## - ADDRESS
Address Distributed by-Universties Press,3-6-747/1/A & 3-6 754/1,Himayatnagar
City Hyderabad (Telagana)
Postal code 500029
300 ## - PHYSICAL DESCRIPTION
Extent xii,672p. :
Dimensions 25cm(pbk)
Other physical details ill
500 ## - GENERAL NOTE
General note Includes Index
505 ## - FORMATTED CONTENTS NOTE
Formatted contents note vol-I-Highway engineering
942 ## - ADDED ENTRY ELEMENTS (KOHA)
Source of classification or shelving scheme Dewey Decimal Classification
Item type English Books
Classification part 629.04
Call number suffix VEN
Holdings
Withdrawn status Lost status Not for loan Collection code Home library Current library Date acquired Source of acquisition Cost, normal purchase price Full call number Barcode Copy number Cost, replacement price Koha item type
    Not For Loan Non-fiction D.B.Act.Division D.B.Act.Division 21/07/2017 DBAD/PUB 595.00 515.39 ROB EN-102802 1 595.00 English Books

© Delhi Public Library
Hit Counter
free hit counter